De la pedagogía

Saved in:
Bibliografiske detaljer
Hovedforfatter: Piaget, Jean (Author)
Format: Bog
Sprog:spansk
Udgivet: Buenos Aires Paidós 1999
Serier:Colección Paidós Educador, 142
Fag:
Tags: Tilføj Tag
Ingen Tags, Vær først til at tagge denne postø!

MARC

LEADER 00000nam a2200000 a 4500
001 UCP6090
003 CL-VaPUC
008 991008e19990000AG |||||||||||||||||spa|d
082 0 4 |a 370.15  |b PIA  |2 21 
100 0 |a Piaget, Jean  |e author  |9 308149 
245 1 0 |a De la pedagogía 
300 |a 272 p 
942 |c BK 
945 |d 19991008 00:00:00  |a rbrito 
260 |a Buenos Aires  |b Paidós  |c 1999 
650 0 |a Psicología del aprendizaje  |9 306854 
650 0 |a Educación moral  |9 308319 
650 0 |a Psicología del niño  |9 307305 
583 |a last modification  |c 20130107 12:06:40  |k Rodrigo Vera 
490 0 |a Colección Paidós Educador, 142 
999 |c 283714  |d 283712 
952 |0 0  |1 0  |4 0  |6 370_150000000000000_PIA_1999  |7 0  |8 A  |9 327124  |a BIBEDU  |b BIBEDU  |d 2019-11-20  |i 3563553  |o 370.15 PIA 1999  |p 3563553  |r 2019-11-20  |w 2019-11-20  |y BK  |k EPE